[Event "Titled Tuesday intern op 07th Jan Early"]
[Site "Chess.com INT"]
[Date "2025.01.07"]
[Round "1"]
[White "Shubhi, Gupta"]
[Black "Gordon, Frederick"]
[Result "0-1"]
[WhiteElo "2049"]
[BlackElo "2366"]
[PlyCount "172"]
[EventDate "2025.01.07"]
[EventType "swiss (blitz)"]
[EventRounds "11"]
[EventCountry "USA"]
[SourceTitle "CB03_2025"]
[SourceDate "2025.01.15"]
[SourceVersion "1"]
[SourceVersionDate "2025.01.15"]
[SourceQuality "1"]

1. d4 Nf6 2. Nf3 g6 3. c4 Bg7 4. Nc3 d5 5. Qb3 dxc4 6. Qxc4 0-0 7. e4 a6 8. Bf4 c6 9. Rd1 b5 10. Qb3 Bb7 11. Bd3 Nbd7 12. 0-0 c5 13. Bb1 cxd4 14. Nxd4 Qb6 15. Be3 Ng4 16. Nf5 Nxe3 17. Nxe3 Nc5 18. Qc2 Rac8 19. Ned5 Qe6 20. Qe2 Rfd8 21. Rfe1 Bxc3 22. Nxc3 b4 23. Nd5 Bxd5 24. exd5 Qxe2 25. Rxe2 Kf8 26. g3 a5 27. Red2 Nb7 28. Bc2 Nd6 29. Bb3 Rc5 30. Re1 Rdc8 31. Rde2 R8c7 32. a3 bxa3 33. bxa3 Nb5 34. a4 Nd4 35. Re3 Nxb3 36. Rxb3 Rxd5 37. Reb1 Rc4 38. Rb8+ Kg7 39. R8b7 e6 40. R1b6 Rxa4 41. Rxe6 Ra1+ 42. Kg2 Ra2 43. Re3 Rf5 44. Rf3 Rxf3 45. Kxf3 a4 46. Ra7 Kf6 47. h4 h6 48. g4 Ke6 49. Kg3 Ra3+ 50. f3 Ra1 51. Ra6+ Ke5 52. Ra7 f5 53. Ra5+ Kd4 54. gxf5 gxf5 55. Rxf5 a3 56. Ra5 Kc3 57. f4 Kb3 58. Kg4 Rg1+ 59. Kf5 Rh1 60. Kg6 Rxh4 61. f5 a2 62. f6 Rf4 63. Ra6 h5 64. f7 h4 65. Kg7 h3 66. Rb6+ Kc4 67. Rc6+ Kd5 68. Ra6 h2 69. Rxa2 h1Q 70. Rd2+ Ke5 71. Re2+ Kd6 72. Rd2+ Ke7 73. Re2+ Kd7 74. Rd2+ Kc6 75. Rc2+ Kb5 76. Rb2+ Kc4 77. Rc2+ Kb3 78. Rc8 Qg1+ 79. Kf8 Qg6 80. Rb8+ Kc4 81. Rc8+ Kd5 82. Rd8+ Kc6 83. Rc8+ Kd7 84. Rd8+ Kc7 85. Rc8+ Kxc8 86. Ke8 Qxf7# 0-1

[Event "Asia-ch U18 Girls"]
[Site "Tagaytay City"]
[Date "2024.10.16"]
[Round "6"]
[White "Mendoza, Jemaicah Yap"]
[Black "Shubhi, Gupta"]
[Result "1-0"]
[WhiteElo "1819"]
[BlackElo "2013"]
[PlyCount "103"]
[EventDate "2024.10.13"]
[EventType "swiss"]
[EventRounds "9"]
[EventCountry "PHI"]
[SourceTitle "CB43_2024"]
[Source "Chessbase"]
[SourceDate "2024.10.23"]
[SourceVersion "1"]
[SourceVersionDate "2024.10.23"]
[SourceQuality "1"]

1. e4 d6 2. d4 Nf6 3. Nc3 e5 4. Nf3 Nbd7 5. Be2 Be7 6. 0-0 0-0 7. Re1 c6 8. h3 Qc7 9. Bf1 b5 10. a3 a5 11. d5 Rb8 12. b4 cxd5 13. Nxb5 Rxb5 14. Bxb5 dxe4 15. Nh2 d5 16. Bd2 axb4 17. Bxb4 Bxb4 18. axb4 Nb6 19. Qe2 d4 20. Ng4 Bxg4 21. hxg4 h6 22. Reb1 Nbd5 23. Qc4 Qd8 24. Bc6 Nc3 25. Re1 Nxg4 26. f3 exf3 27. Bxf3 h5 28. Ra8 Qd7 29. Rxf8+ Kxf8 30. Bxg4 hxg4 31. Qc5+ Kg8 32. Qxe5 Qa7 33. Qe8+ Kh7 34. Qe7 Qxe7 35. Rxe7 Kg6 36. Rd7 Kf6 37. Kf1 Ke5 38. Rxf7 Nd5 39. b5 Kd6 40. Rxg7 Ne3+ 41. Ke2 Kc5 42. Rg5+ Kb6 43. Kd3 Nxg2 44. Kxd4 Ne1 45. Kc4 Nxc2 46. Rg6+ Kb7 47. Kc5 Ne3 48. Rg7+ Kb8 49. Kc6 Nc4 50. b6 Ne5+ 51. Kb5 Nd3 52. Rxg4 1-0

[Event "Asia-ch U18 Girls"]
[Site "Tagaytay City"]
[Date "2024.10.16"]
[Round "5"]
[White "Shubhi, Gupta"]
[Black "Luong, Hoang Tu Linh"]
[Result "1/2-1/2"]
[WhiteElo "2013"]
[BlackElo "1907"]
[PlyCount "118"]
[EventDate "2024.10.13"]
[EventType "swiss"]
[EventRounds "9"]
[EventCountry "PHI"]
[SourceTitle "CB43_2024"]
[Source "Chessbase"]
[SourceDate "2024.10.23"]
[SourceVersion "1"]
[SourceVersionDate "2024.10.23"]
[SourceQuality "1"]

1. d4 Nf6 2. c4 e6 3. Nf3 b6 4. g3 Bb7 5. Bg2 Bb4+ 6. Bd2 Qe7 7. 0-0 0-0 8. Re1 d5 9. cxd5 exd5 10. Bxb4 Qxb4 11. Qc2 Qe7 12. Nc3 c5 13. dxc5 Qxc5 14. e3 Nc6 15. Rac1 Rfd8 16. a3 Rac8 17. Red1 Qe7 18. Nd4 Ne5 19. Qf5 Nc4 20. Qg5 Nxb2 21. Nf5 Qf8 22. Rd4 Rc4 23. Rc2 Rxd4 24. exd4 Nc4 25. Nxd5 Bxd5 26. Bxd5 Nd6 27. Bb3 Nxf5 28. Qxf5 Qxa3 29. Qd3 Qe7 30. Re2 Qd7 31. d5 b5 32. Rd2 a5 33. Qb1 Qd6 34. Ba2 Qe5 35. Rd1 b4 36. Bb3 Qd6 37. Qa2 Ra8 38. Qa4 Qd7 39. Qc6 Rd8 40. Qa6 Qc7 41. d6 Qb8 42. Rc1 Qa8 43. Qb6 Ne8 44. Rd1 a4 45. Bd5 Qb8 46. Qxb8 Rxb8 47. d7 Nf6 48. Bc6 Nxd7 49. Rxd7 b3 50. Bxa4 b2 51. Bc2 b1Q+ 52. Bxb1 Rxb1+ 53. Kg2 g6 54. h4 h5 55. f3 Rb2+ 56. Kh3 Rb3 57. Kg2 Rb2+ 58. Kf1 Kg7 59. Re7 Kf6 1/2-1/2

[Event "Titled Tuesday intern op 10th Sep Early"]
[Site "Chess,com INT"]
[Date "2024.09.10"]
[Round "7"]
[White "Ivashentseva, Dominika"]
[Black "Shubhi, Gupta"]
[Result "0-1"]
[WhiteElo "1947"]
[BlackElo "2013"]
[PlyCount "90"]
[EventDate "2024.09.10"]
[EventType "swiss (blitz)"]
[EventRounds "11"]
[EventCountry "USA"]
[SourceTitle "EXT 2025"]
[Source "ChessBase"]
[SourceDate "2024.10.14"]
[SourceVersion "1"]
[SourceVersionDate "2024.10.14"]
[SourceQuality "1"]

1. d4 d5 2. c4 e6 3. Nf3 Nf6 4. Bg5 Be7 5. Nc3 Nbd7 6. e3 c6 7. cxd5 exd5 8. Bd3 h6 9. Bh4 0-0 10. 0-0 Re8 11. Qc2 Ne4 12. Bxe7 Qxe7 13. Nd2 f5 14. Rae1 Ndf6 15. f3 Nd6 16. e4 fxe4 17. fxe4 dxe4 18. Ndxe4 Ndxe4 19. Nxe4 Nxe4 20. Bxe4 Be6 21. Bg6 Rf8 22. Rxf8+ Rxf8 23. Qe4 Rf6 24. Bf5 Kf7 25. Bg4 Qd6 26. Bh5+ Ke7 27. Bg4 Kd7 28. Bf3 Rf4 29. Qg6 Qxd4+ 30. Kh1 Qf6 31. Rd1+ Kc7 32. Qg3 Kc8 33. h3 g5 34. Kh2 a6 35. Be2 Kb8 36. Re1 Ka7 37. Bd3 Bd5 38. Qe3+ Qd4 39. Qg3 Bxa2 40. Re3 Bd5 41. Re2 Bc4 42. Bxc4 Qxc4 43. Qe3+ Qd4 44. Qg3 Re4 45. Rc2 Re3 0-1

[Event "Titled Tuesday intern op 10th Sep Early"]
[Site "Chess,com INT"]
[Date "2024.09.10"]
[Round "3"]
[White "Saparya, Ghosh"]
[Black "Shubhi, Gupta"]
[Result "1-0"]
[WhiteElo "1882"]
[BlackElo "2013"]
[PlyCount "61"]
[EventDate "2024.09.10"]
[EventType "swiss (blitz)"]
[EventRounds "11"]
[EventCountry "USA"]
[SourceTitle "EXT 2025"]
[Source "ChessBase"]
[SourceDate "2024.10.14"]
[SourceVersion "1"]
[SourceVersionDate "2024.10.14"]
[SourceQuality "1"]

1. d4 d5 2. c4 e6 3. Nc3 Nf6 4. cxd5 Be7 5. Bg5 exd5 6. e3 0-0 7. Bd3 c6 8. Qc2 h6 9. Bh4 Nbd7 10. Nge2 Re8 11. f3 Nf8 12. Bf2 Be6 13. 0-0 b5 14. Nf4 a5 15. Nce2 Rc8 16. Ng3 b4 17. Nxe6 Nxe6 18. Nf5 Bf8 19. Bh4 g5 20. Bg3 c5 21. Qf2 c4 22. Bc2 Nh5 23. e4 dxe4 24. fxe4 Nxg3 25. hxg3 Rc7 26. e5 Nxd4 27. Nxd4 Bc5 28. Rad1 Rd7 29. Kh1 Rf8 30. Qf5 f6 31. Ne6 1-0

[Event "Titled Tuesday intern op 10th Sep Early"]
[Site "Chess,com INT"]
[Date "2024.09.10"]
[Round "11"]
[White "Sherali, Pattnaik"]
[Black "Shubhi, Gupta"]
[Result "1-0"]
[WhiteElo "1915"]
[BlackElo "2013"]
[PlyCount "60"]
[EventDate "2024.09.10"]
[EventType "swiss (blitz)"]
[EventRounds "11"]
[EventCountry "USA"]
[SourceTitle "EXT 2025"]
[Source "ChessBase"]
[SourceDate "2024.10.14"]
[SourceVersion "1"]
[SourceVersionDate "2024.10.14"]
[SourceQuality "1"]

1. e4 e5 2. Nf3 Nc6 3. Bc4 Bc5 4. 0-0 Nf6 5. d4 Bxd4 6. Nxd4 Nxd4 7. Bg5 h6 8. Bh4 d6 9. f4 Be6 10. fxe5 dxe5 11. Nd2 Qe7 12. c3 Nc6 13. Bxe6 Qxe6 14. Bxf6 gxf6 15. Nb3 0-0 16. Nc5 Qe7 17. Nd7 f5 18. Nxf8 Rxf8 19. Rxf5 f6 20. Qg4+ Kh7 21. Raf1 Rg8 22. Qh4 Qg7 23. g3 Qg4 24. Qxf6 Qxe4 25. Qe6 Qe3+ 26. R1f2 Qe1+ 27. Kg2 Qe4+ 28. R2f3 Qe2+ 29. Kh3 Rg7 30. Rf7 Rxf7 1-0

[Event "Titled Tuesday intern op 10th Sep Early"]
[Site "Chess,com INT"]
[Date "2024.09.10"]
[Round "9"]
[White "Shubhi, Gupta"]
[Black "Mestnikov, Aisen"]
[Result "1-0"]
[WhiteElo "2013"]
[BlackElo "2077"]
[PlyCount "91"]
[EventDate "2024.09.10"]
[EventType "swiss (blitz)"]
[EventRounds "11"]
[EventCountry "USA"]
[SourceTitle "EXT 2025"]
[Source "ChessBase"]
[SourceDate "2024.10.14"]
[SourceVersion "1"]
[SourceVersionDate "2024.10.14"]
[SourceQuality "1"]

1. d4 d5 2. Nf3 Nf6 3. Bg5 Ne4 4. Bh4 c5 5. e3 Nc6 6. Nbd2 Nxd2 7. Qxd2 cxd4 8. exd4 Bf5 9. c3 Qd7 10. Bb5 f6 11. 0-0 e6 12. Rfe1 Bd6 13. c4 0-0 14. cxd5 exd5 15. a3 Be4 16. Qc3 Rac8 17. Qb3 Kh8 18. Rad1 a6 19. Bxc6 Rxc6 20. Bg3 Bxg3 21. hxg3 Bc2 22. Qe3 Bxd1 23. Rxd1 Re6 24. Qf4 Re4 25. Qd2 Rfe8 26. Rc1 Re2 27. Qf4 Rc8 28. Rxc8+ Qxc8 29. Qd6 Qg8 30. b4 Ra2 31. Nh4 Rxa3 32. Nf5 Ra1+ 33. Kh2 Re1 34. g4 Qe8 35. Qxd5 Qb8+ 36. g3 Qe8 37. Qxb7 Qf8 38. d5 g6 39. Nh4 Qd8 40. Qc6 Rd1 41. Qxa6 Rxd5 42. Nf3 Rd3 43. Kg2 Qd5 44. Qc8+ Kg7 45. Qc7+ Kh6 46. Qf4+ 1-0

[Event "Titled Tuesday intern op 10th Sep Early"]
[Site "Chess,com INT"]
[Date "2024.09.10"]
[Round "1"]
[White "Shubhi, Gupta"]
[Black "Pyrig, Roman"]
[Result "0-1"]
[WhiteElo "2013"]
[BlackElo "2414"]
[PlyCount "105"]
[EventDate "2024.09.10"]
[EventType "swiss (blitz)"]
[EventRounds "11"]
[EventCountry "USA"]
[SourceTitle "EXT 2025"]
[Source "ChessBase"]
[SourceDate "2024.10.14"]
[SourceVersion "1"]
[SourceVersionDate "2024.10.14"]
[SourceQuality "1"]

1. d4 d5 2. Nf3 Nf6 3. Bg5 c5 4. e3 Nc6 5. c3 Qb6 6. Qb3 c4 7. Qxb6 axb6 8. Bxf6 gxf6 9. e4 e6 10. Nbd2 b5 11. g3 b4 12. Bg2 bxc3 13. bxc3 Ba3 14. Rb1 0-0 15. 0-0 Rd8 16. Rb5 Bf8 17. Ra1 Bh6 18. exd5 exd5 19. Nf1 Ra3 20. N3d2 Be6 21. Nb1 Ra7 22. Nbd2 Kf8 23. a4 Ke7 24. Ne3 Bxe3 25. fxe3 f5 26. Nxc4 dxc4 27. d5 Na5 28. dxe6 fxe6 29. Rab1 Rd7 30. R1b4 Rc7 31. Re5 Kf6 32. Reb5 Rd7 33. Kf2 Rd2+ 34. Kf1 Rd3 35. Bxb7 Rxe3 36. Bc8 Rxc3 37. Rb6 Re3 38. Kf2 Re5 39. R4b5 c3 40. Rxe5 Kxe5 41. Rxe6+ Kd4 42. Re1 Nb3 43. Bxf5 Rf7 44. g4 c2 45. Re4+ Kd5 46. Re1 c1Q 47. Rxc1 Nxc1 48. Kf3 Ke5 49. a5 Nb3 50. a6 Nc5 51. a7 Rxa7 52. g5 Kxf5 53. h4 0-1

[Event "Titled Tuesday intern op 10th Sep Early"]
[Site "Chess,com INT"]
[Date "2024.09.10"]
[Round "5"]
[White "Subramanian, Anusha"]
[Black "Shubhi, Gupta"]
[Result "0-1"]
[WhiteElo "2067"]
[BlackElo "2013"]
[PlyCount "62"]
[EventDate "2024.09.10"]
[EventType "swiss (blitz)"]
[EventRounds "11"]
[EventCountry "USA"]
[SourceTitle "EXT 2025"]
[Source "ChessBase"]
[SourceDate "2024.10.14"]
[SourceVersion "1"]
[SourceVersionDate "2024.10.14"]
[SourceQuality "1"]

1. e4 e5 2. Nf3 Nc6 3. Nc3 Nf6 4. d4 exd4 5. Nxd4 Bb4 6. Nxc6 bxc6 7. Bd3 0-0 8. 0-0 d5 9. exd5 cxd5 10. Bg5 c6 11. Qf3 Be7 12. Rfe1 h6 13. Bh4 Be6 14. Ne2 Rb8 15. b3 Bg4 16. Qe3 Re8 17. Qxa7 Bb4 18. c3 Bxe2 19. Rxe2 Bxc3 20. Rc1 Ra8 21. Qb7 Rxe2 22. Bxe2 Rxa2 23. Bf3 Qe8 24. h3 Bd2 25. Rxc6 Ra1+ 26. Kh2 Bf4+ 27. g3 Qe1 28. Qc8+ Kh7 29. Be4+ dxe4 30. Qf5+ g6 31. Qxf4 Qg1# 0-1